Statistics for Speak Now (TV) - Taylor Swift (All Lyrics)

Click here to take the quiz!

General Stats

  • This quiz has been taken 44 times
    (22 since last reset)
  • The average score is 407 of 434

Answer Stats

Lyrics% Correct
a
100%
am
100%
And
100%
and
100%
are
100%
at
100%
back
100%
bargin'
100%
be
100%
boy
100%
But
100%
girl
100%
girl,
100%
hear
100%
I
100%
in
100%
kind
100%
me,
100%
me
100%
not
100%
now"
100%
now)
100%
now
100%
now'"
100%
occasion
100%
of
100%
OF
100%
Of
100%
on
100%
or
100%
rudely
100%
said,
100%
said
100%
say,
100%
(Say
100%
say
100%
should
100%
'Speak
100%
"Speak
100%
stand
100%
the
100%
They
100%
they
100%
veil
100%
white
100%
Who
100%
You
100%
you
100%
you?
100%
Your
100%
your
100%
all
94%
away
94%
church
94%
church,
94%
don't
94%
Don't
94%
everyone
94%
forever
94%
hold
94%
Horrified
94%
I'm
94%
la
94%
lookin'
94%
looks
94%
meet
94%
my
94%
need
94%
out
94%
room
94%
run
94%
(Run
94%
single
94%
So
94%
So,
94%
to
94%
vow)
94%
vow
94%
wait
94%
wrong
94%
you're
94%
door
89%
eyes
89%
family
89%
friends
89%
from
89%
gown
89%
hands,
89%
her
89%
I'll
89%
is
89%
It
89%
it
89%
last
89%
like
89%
marrying
89%
only
89%
pastry
89%
peace"
89%
see
89%
shaped
89%
sneak
89%
there's
89%
There's
89%
up
89%
Wearin'
89%
when
89%
When
89%
Where
89%
yes,
89%
bride
83%
bridesmaid
83%
chance
83%
dressed
83%
inside
83%
little
83%
pastel
83%
play
83%
preacher
83%
running
83%
shaky
83%
She
83%
she
83%
snotty
83%
surely
83%
This
83%
thought
83%
time
83%
was
83%
with
83%
would
83%
yelling
83%
by
78%
daydream
78%
hiding
78%
know
78%
lose
78%
lovely
78%
myself
78%
pageant
78%
queen
78%
silence,
78%
Somewhere
78%
song
78%
starts
78%
uninvited
78%
vows
78%
were
78%
what
78%
wish
78%
aisle
72%
around
72%
Baby,
72%
death
72%
didn't
72%
down
72%
floats
72%
gestures
72%
glad
72%
"Let's
72%
march
72%
organ
72%
seems
72%
sounds
72%
that
72%
exchanged
67%
Fond
67%
tux,
67%
curtains
61%
haha
56%
Ooh
50%
ooh
50%

Score Distribution

Percentile by Number Answered

Percent of People with Each Score

Your Score History

You have not taken this quiz since the last reset